Derechos humanos y ciudadanía /
Guardado en:
| Autor Principal: | |
|---|---|
| Otros Autores: | , |
| Formato: | Libro |
| Publicado: |
Buenos Aires :
Aique,
2005
|
| Series: | Polimodal
|
| Materias: | |
| Etiquetas: |
Agregar Etiqueta
Sin Etiquetas, Sea el primero en etiquetar este registro!
|
| LEADER | 00957nam a22002175a 4500 | ||
|---|---|---|---|
| 001 | CEM.cems017610 | ||
| 005 | 20110531112219.0 | ||
| 008 | 130507s2005##################000#0#####d | ||
| 003 | CEMS | ||
| 020 | |a 950701957x | ||
| 082 | 0 | 4 | |a 323 |
| 100 | 1 | |a Schujman, Gustavo | |
| 245 | 1 | 0 | |a Derechos humanos y ciudadanía / |c Gustavo Schujman, Laura Clérico y Vera Carnovale |
| 260 | |a Buenos Aires : |b Aique, |c 2005 | ||
| 300 | |a 206 p. | ||
| 490 | 0 | |a Polimodal | |
| 505 | 0 | |a Qué son los derechos humanos? -- Qué es la ciudadanía? -- Qué son los derechos civiles? -- Los derechos políticos, el desafío de la inclusión -- Derechos económicos, sociales y culturales -- Los pueblos como títulares de derechos -- El problema de la discriminación -- El Estado y las violaciones a los derechos humanos en Argentina | |
| 653 | |a Derechos humanos | ||
| 700 | 1 | |a Clérico, Laura | |
| 700 | 1 | |a Carnovale, Vera | |
| 859 | |a CEMS |b BIB. CEMS - Agricultura |h 323 |i Sch79 |p A0598.05 |t Ej.1 | ||
